Instituciones de derecho ambiental
Furkejuvvon:
| Váldodahkki: | |
|---|---|
| Materiálatiipa: | Girji |
| Giella: | espánnjágiella |
| Almmustuhtton: |
Santiago
Metropolitana
2007
|
| Fáttát: | |
| Fáddágilkorat: |
Lasit fáddágilkoriid
Eai fáddágilkorat, Lasit vuosttaš fáddágilkora!
|
MARC
| LEADER | 00000nam a2200000 a 4500 | ||
|---|---|---|---|
| 001 | UCI3527 | ||
| 003 | CL-VaPUC | ||
| 008 | 071109e20070000CL |||||||||||||||||spa|d | ||
| 020 | |a 9789562860727 | ||
| 082 | 0 | 4 | |a 344.046 |b VAR |2 21 |
| 100 | 0 | |a Vargas Miranda, Rafael Andrés |e author |9 524887 | |
| 245 | 1 | 0 | |a Instituciones de derecho ambiental |
| 300 | |a v | ||
| 942 | |c BK | ||
| 945 | |d 20071109 00:00:00 |a jtorresc | ||
| 260 | |a Santiago |b Metropolitana |c 2007 | ||
| 500 | |a v.1: El recurso de protección ambiental | ||
| 650 | 0 | |a Derecho ambiental |9 257835 | |
| 650 | 0 | |a Protección del medio ambiente |9 257626 | |
| 650 | 0 | |a Tratados internacionales |9 256056 | |
| 650 | 7 | |a RESPONSABILIDAD CIVIL |2 CL-VaPUC |9 524888 | |
| 650 | 0 | |a Daño ambiental |9 485962 | |
| 583 | |a last modification |c 20071109 00:00:00 |k Rodrigo Vera | ||
| 999 | |c 327680 |d 327678 | ||
| 952 | |0 0 |1 0 |4 0 |6 344_046000000000000_VAR_2007 |7 0 |8 A |9 410856 |a BIBDER |b BIBDER |d 2019-11-22 |h v.1 |i 4386256 |o 344.046 VAR 2007 |p 4386256 |r 2023-01-25 |w 2019-11-22 |y BK |k DER | ||